000 00950nam a2200253Ia 4500
003 OSt
005 20220930093925.0
006 a|||||r|||| 00| 0
007 ta
008 220926b |||||||| |||| 00| 0 eng d
024 _a63121
037 _cTheses
040 _aCRL
_cCRL
_beng
041 _2eng
_aeng
100 _aBhattacharyya Kausik Au.
_9553779
110 _aUniversity of Delhi. Teaching Centre. Dr. B. R. Ambedkar Center for Biomedical Research
_9553780
245 0 _aGenome sequence variation in a multidrug resistant clinicalisolate of mycobacterium tuberculosis
_b analisis and evaluation of functional implications
260 _c2018
300 _axi,127p.
_ap.
_ccm.
700 _a Brahmachari Vani Gu.
_9553781
700 _aUniversity of Delhi. Teaching Centre. Dr. B. R. Ambedkar Center for Biomedical Research
_9553782
942 _cDIS
_2CC
999 _c886240
_d886240